01001nam a2200169Ia 4500008004100000020002200041041000800063082002700071100002700098245005600125260003700181300000900218999001900227952018700246952019900433952019900632230411s9999 xx 000 0 und d a978-93-80704-39-5 aeng aCH/610.7343/THR/B06591 aThressiamma PM9179190 aProcedures and Theories of Community Health Nursing bJaypee BrothersaNew Delhic2010 a282p c156958d156958 001040708CHaBTINbBTINd2011-02-25eJaypee Brothers Medical Publishersg250.00i3107l0oCH 610.7343 THR B06591pBTIN-BK-6591r2023-04-11 00:00:00v182.00w2011-09-26yBKzB06591 001040708CHaBTINbBTINd2011-09-26eJaypee Brothers Medical Publishersg275.00i3107l2oCH 610.7343 THR B06866pBTIN-BK-6866r2024-04-02 00:00:00s2024-03-22v201.00w2011-09-26yBKzB06866 001040708CHaBTINbBTINd2011-09-26eJaypee Brothers Medical Publishersg275.00i3107l1oCH 610.7343 THR B06867pBTIN-BK-6867r2023-10-31 00:00:00s2023-10-26v201.00w2011-09-26yBKzB06867